00957nam a2200229 a 4500001001000000003000500010005001700015008004100032010001100073011001100084040000900095100002400104245014800128260004100276500006000317502017900377650001700556650002900573650002900602650002600631856007000657000109684CHAP20220329144100.0140520s2014 mx sm |||||||spa d a106146 a107118 cCHAP1 aDíaz Ruiz, Benito10aDiseño, construcción y evaluación de una unidad de siembra y de fertilización de dosis variablesh[En línea]cpor Benito Díaz Ruiz. aChapingo, Méx. :bEl autor,c2014. aPara ver el contenido del material haga clic en la liga aTesis (M.C. en Ing. Agr. y Uso Integral de Agua Orientación Mecnanización Agrícola) -- UACH. Departamento de Posgrado en Ingeniería Agrícola y Uso Integral del Agua14aDosificador.14aMaízxFertilización.14aMaquinaria hidráulica.14aMotores eléctricos. aFinding aiduhttp://10.13.5.2/tesis/sist109684.pdfzTeclea aquí